|
|
|
|
| LEADER |
00565cam a2200157 7i4500 |
| 001 |
0000024933 |
| 005 |
20100728090000.0 |
| 090 |
0 |
0 |
|a I 343.071
|b ASI
|
| 110 |
2 |
0 |
|a Asia-Pacific Economic Cooperation (APEC)
|
| 245 |
2 |
4 |
|a The Impact of environmental regulation on trade :
|b APEC study.
|
| 260 |
0 |
0 |
|a Ha Noi:
|b Golden Bridge,
|c 2009.
|
| 300 |
# |
# |
|a 53 p.
|
| 650 |
0 |
0 |
|a Environmental law
|
| 650 |
0 |
0 |
|a Asia-Pacific Economic Cooperation (APEC)
|
| 999 |
|
|
|a 0000026543
|b Book
|c International
|e Business Information Centre
|
| 999 |
|
|
|a 0000026542
|b Book
|c International
|e Business Information Centre
|